TMOS - V2.0 Príručka ku kurzu. Zborník prednášok

Salvato in:
Dettagli Bibliografici
Natura: Libro
Lingua:slovacco
Pubblicazione: Žilina Dom techn. ČSVTS 1986
Edizione:1. vyd.
Tags: Aggiungi Tag
Nessun Tag, puoi essere il primo ad aggiungerne!!

MARC

LEADER 00000nam a2200000 4500
001 c029525
005 20221219100956.4
041 0 |a slo 
044 |a SK 
245 1 0 |a TMOS - V2.0  |b Príručka ku kurzu. Zborník prednášok 
250 |a 1. vyd. 
264 1 |a Žilina  |b Dom techn. ČSVTS  |c 1986 
300 |a 87 s.